Druhý pilier musí prejsť zmenami tri kľúčové oblasti, kde by dôchodkoví správcovia privítali úpravu zákona
Nastavenie systému dôchodkového zabezpečenia a účastníci dôchodkového sporenia. Dôchodkoví správcovia a garančné schémy. Nevyrovnanosť systému správy dôchodkových fondov. Zmeny súčasnej podoby zákona o dôchodkovom sporení.
Uložené v:
| Hlavný autor: | |
|---|---|
| Médium: | Kapitola |
| Jazyk: | Slovak |
| Predmet: | |
| Tagy: |
Žiadne tagy, Buďte prvý, kto otaguje tento záznam!
|
MARC
| LEADER | 00000naa a2200000 4500 | ||
|---|---|---|---|
| 001 | 0123272 | ||
| 005 | 20240502072406.8 | ||
| 041 | 0 | |a slo | |
| 044 | |a SK | ||
| 245 | 1 | 0 | |a Druhý pilier musí prejsť zmenami |b tri kľúčové oblasti, kde by dôchodkoví správcovia privítali úpravu zákona |c Pavel Škriniar |
| 520 | |a Nastavenie systému dôchodkového zabezpečenia a účastníci dôchodkového sporenia. Dôchodkoví správcovia a garančné schémy. Nevyrovnanosť systému správy dôchodkových fondov. Zmeny súčasnej podoby zákona o dôchodkovom sporení. | ||
| 610 | 2 | 0 | |a Slovensko |
| 610 | 2 | 0 | |a systémy dôchodkové |
| 610 | 2 | 0 | |a poistenie dôchodkové |
| 610 | 2 | 0 | |a spoločnosti dôchodkové doplnkové |
| 610 | 2 | 0 | |a sporenie dôchodkové |
| 610 | 2 | 0 | |a fond zabezpečenia dôchodkového |
| 610 | 2 | 0 | |a fondy penzijné |
| 100 | 1 | |a Škriniar, Pavel, 1979- | |